000 01005nam a22002657i 4500
005 20251231102139.0
008 250906s2021 jo ||||gr|||| 00| 0 ara d
020 _a9789923321423
040 _aJO-AmGAM
_erda
082 1 4 _a213.63
_bم ص ا
100 1 _aمصالحة، مروان أحمد
_eمؤلف.
245 1 0 _aلغة الجسد في الحديث النبوي /
_cالدكتور مروان أحمد مصالحة ؛ مراجعة لغوية مشهور عباس خطيب.
250 _aالطبعة الأولى.
264 3 1 _aعمان :
_bدار يافا العلمية للنشر والتوزيع،
_c2021.
300 _a107 صفحة.
336 _2rdacontent
_aنص
_btxt
337 _2rdamedia
_aدون وسيط عرض
_bn
338 _2rdacarrier
_aمجلد
_bnc
650 1 7 _aلغة الجسد.
650 1 7 _aالإيماءات.
650 1 7 _aالحديث الشريف.
700 1 _aخطيب، مشهور عباس
_eمراجع.
942 _2ddc
_cBK
999 _c247633
_d247633